| 000 | 01467nam a2200349 a 4500 | ||
|---|---|---|---|
| 001 | ebr10005694 | ||
| 003 | CaPaEBR | ||
| 006 | m u | ||
| 007 | cr cn||||||||| | ||
| 008 | 010509s2002 ctu sbi 001 0 eng | ||
| 010 | _z 2001034631 | ||
| 020 | _z0275972550 (alk. paper) | ||
| 040 |
_aCaPaEBR _cCaPaEBR |
||
| 035 | _a(OCoLC)613372824 | ||
| 050 | 1 | 4 |
_aF1418 _b.S557 2002eb |
| 082 | 0 | 4 |
_a327.7308 _221 |
| 100 | 1 | _aSicker, Martin. | |
| 245 | 1 | 4 |
_aThe geopolitics of security in the Americas _h[electronic resource] : _bhemispheric denial from Monroe to Clinton / _cMartin Sicker. |
| 260 |
_aWestport, Conn. : _bPraeger, _c2002. |
||
| 300 | _a186 p. | ||
| 504 | _aIncludes bibliographical references (p.[173]-179 ) and index. | ||
| 533 |
_aElectronic reproduction. _bPalo Alto, Calif. : _cebrary, _d2013. _nAvailable via World Wide Web. _nAccess may be limited to ebrary affiliated libraries. |
||
| 650 | 0 |
_aGeopolitics _zUnited States _xHistory. |
|
| 650 | 0 |
_aGeopolitics _zLatin America _xHistory. |
|
| 650 | 0 |
_aNational security _zUnited States _xHistory. |
|
| 650 | 0 |
_aInternational relations _xDecision making. |
|
| 651 | 0 |
_aLatin America _xForeign relations _zUnited States. |
|
| 651 | 0 |
_aUnited States _xForeign relations _zLatin America. |
|
| 655 | 7 |
_aElectronic books. _2local |
|
| 710 | 2 | _aebrary, Inc. | |
| 856 | 4 | 0 |
_uhttp://site.ebrary.com/lib/rucke/Doc?id=10005694 _zAn electronic book accessible through the World Wide Web; click to view |
| 999 |
_c3400 _d3400 |
||